| 000 | 00763nam a22002057a 4500 | ||
|---|---|---|---|
| 003 | OSt | ||
| 005 | 20260203082752.0 | ||
| 008 | 260203b |||||||| |||| 00| 0 eng d | ||
| 020 | _a974-8279-61-8. | ||
| 040 |
_aDWC-Main lib _cOC |
||
| 082 |
_2Library Education Series _aRes. 025.431076 M888l 1997 |
||
| 100 | _aMortimer, Mary | ||
| 245 |
_aLearn Dewey Decimal Classification (Edition 21) _cMary Mortimer |
||
| 260 |
_aThailand : _bBook Promotion & Service Co., Ltd., _cc1997. |
||
| 300 |
_a130 pages : _c29 cm. |
||
| 504 | _aIncludes bibliographical references and index. | ||
| 650 | _a1. Cataloging-Problems, exercises, etc. | ||
| 650 | _a2. Classification, Dewey Decimal-Problems, exercises, etc. | ||
| 942 |
_2ddc _cBK-0 CIRC _eLibrary Education Series _kRes. _n0 |
||
| 999 |
_c8219 _d8219 |
||